000 00545 a2200157 4500
005 20250628131413.0
020 _a978-1-4266-5036-9
082 _a657.2 HAL
100 _aHALL, J. A.
245 _aAccounting Information Systems: Selected Chapters from Accounting Information Systems A Business Process Approach Second Edition and Accounting Information Systems
250 _a6th Ed.
260 _aAustralia,
_bCengage Learning,
_c2008.
300 _a795p.: ill.; figure, table
_c26cm
700 _aJONES, F. L.[...et al...]
942 _2ddc
_cBKS
999 _c6019
_d6019